Central Library OPAC University of Rajshahi

Elementary topology / (Record no. 50487)

MARC details
000 -LEADER
fixed length control field 00664nam a22002291 4500
001 - CONTROL NUMBER
control field 50487
003 - CONTROL NUMBER IDENTIFIER
rucl marc code BD-RjUL
005 - DATE AND TIME OF LATEST TRANSACTION
control field 20211209075522.0
008 - FIXED-LENGTH DATA ELEMENTS--GENERAL INFORMATION
fixed length control field 160827s1967 maua 000 0 eng
035 ## - SYSTEM CONTROL NUMBER
System control number (BD-RjUL)50607
040 ## - CATALOGING SOURCE
Original cataloging agency DLC
Transcribing agency DLC
Modifying agency DLC
-- BD-RjUL
Language of cataloging eng
041 ## - LANGUAGE CODE
Language code of text/sound track or separate title eng
082 00 - DEWEY DECIMAL CLASSIFICATION NUMBER
Edition number 23
Classification number 514
Author mark and year GEE 1967
100 1# - MAIN ENTRY--PERSONAL NAME
Personal name Gemignani, Michael C.
9 (RLIN) 151261
245 10 - TITLE STATEMENT
Title Elementary topology /
Statement of responsibility, etc. [by] Michael C. Gemignani.
260 ## - PUBLICATION, DISTRIBUTION, ETC. (IMPRINT)
Place of publication, distribution, etc. Reading, Mass.,
Name of publisher, distributor, etc. Addison-Wesley Pub. Co.
Date of publication, distribution, etc. 1967.
300 ## - PHYSICAL DESCRIPTION
Pagination xi, 258 p. :
Illustrations ill .;
Size 23 cm.
490 0# - SERIES STATEMENT
Series statement Addison-Wesley series in mathematics
650 #0 - SUBJECT ADDED ENTRY--TOPICAL TERM
Topical term or geographic name as entry element Topology.
9 (RLIN) 151262
942 ## - ADDED ENTRY ELEMENTS (KOHA)
Source of classification or shelving scheme Dewey Decimal Classification
Koha item type Books
Holdings
Lost status Source of classification or shelving scheme Damaged status Not for loan Collection code Permanent Location Current Location Shelving location Date acquired Source of acquisition Cost, normal purchase price Total Checkouts Full call number Date last seen Copy number Koha item type
  Dewey Decimal Classification     Non-fiction Central Library, University of Rajshahi Central Library, University of Rajshahi   27/08/2016 Swets & Zeitlinger 61.60   514 GEE 1967 27/08/2016 C-2 Books
  Dewey Decimal Classification     Non-fiction Central Library, University of Rajshahi Central Library, University of Rajshahi   02/05/2001 Rajshahi, Soma enterprise 105.80   514 GEE 1967 29/08/2016 C-3 Books
  Dewey Decimal Classification     Non-fiction Central Library, University of Rajshahi Central Library, University of Rajshahi   02/05/2001 Rajshahi, Soma enterprise 105.80   514 GEE 1967 29/08/2016 C-4 Books
  Dewey Decimal Classification     Non-fiction Central Library, University of Rajshahi Central Library, University of Rajshahi   02/05/2001 Rajshahi, Soma enterprise 105.80   514 GEE 1967 01/11/2016 C-5 Books